Quan niệm về hạnh phúc gia đình thời kỳ đổi mới : So sánh giữa nông thôn và thành thị /
Shranjeno v:
| Glavni avtor: | |
|---|---|
| Format: | Bài viết |
| Jezik: | Vietnamese |
| Teme: | |
| Oznake: |
Označite
Brez oznak, prvi označite!
|
| Thư viện lưu trữ: | Thư viện Trường Đại học Đà Lạt |
|---|
| LEADER | 00825nam a2200265 4500 | ||
|---|---|---|---|
| 001 | DLU090085144 | ||
| 005 | ##20091124 | ||
| 040 | # | # | |a DLU |b vie |
| 041 | # | # | |a vie |
| 044 | # | # | |a vn |
| 100 | # | # | |a Phùng Thị Kim Anh. |
| 245 | # | # | |a Quan niệm về hạnh phúc gia đình thời kỳ đổi mới : |b So sánh giữa nông thôn và thành thị / |c Phùng Thị Kim Anh. |
| 653 | # | # | |a Gia đình văn hóa |
| 653 | # | # | |a Hôn nhân |
| 653 | # | # | |a Hạnh phúc |
| 773 | # | # | |t Nghiên cứu gia đình và giới |g Số 3(19), 2009, tr. 12-23 |
| 920 | # | # | |a Phòng Tạp chí -- Trung tâm Thông tin - Thư viện Trường Đại học Đà Lạt |
| 994 | # | # | |a DLU |
| 900 | # | # | |a True |
| 911 | # | # | |a Nguyễn Thị Linh Chi |
| 925 | # | # | |a G |
| 926 | # | # | |a A |
| 927 | # | # | |a BB |
| 980 | # | # | |a Thư viện Trường Đại học Đà Lạt |